[Event "ch-SWE"]
[Site "Kungsor SWE"]
[Date "2009.07.09"]
[Round "11"]
[White "Semcesen,D"]
[Black "Hanninger,S"]
[Result "1-0"]
[WhiteElo "2387"]
[BlackElo "2167"]

1.c4 c6 2.Nf3 d5 3.e3 Nf6 4.Nc3 g6 5.b4 Bg7 6.Bb2 O-O 7.Be2 a5 8.a3 Nbd7
9.d4 dxc4 10.Bxc4 Nb6 11.Bb3 axb4 12.axb4 Rxa1 13.Qxa1 Nbd5 14.b5 Nxc3 15.Bxc3 Qb6
16.Qa5 Qxb5 17.Qxb5 cxb5 18.Bb4 Re8 19.Ke2 e6 20.Rc1 Bd7 21.Ne5 Rc8 22.Rxc8+ Bxc8
23.Nd3 Bd7 24.f3 Bf8 25.e4 Bxb4 26.Nxb4 Kf8 27.Kd2 Ke7 28.Kc3 Bc6 29.Nd3 Ne8
30.Kb4 f6 31.Kc5 Nd6 32.Nf4 Bd7 33.Ba2 f5 34.e5 Nc4 35.h4 b6+ 36.Kb4 Ne3
37.Bb3 Nc4 38.Bxc4 bxc4 39.Kxc4 Bc6 40.d5 exd5+ 41.Kd4 Bb5 42.Nxd5+ Kf7 43.Nxb6 Bf1
44.g3 h6 45.f4 g5 46.Nd5 gxh4 47.gxh4 Ke6 48.Kc5 Bg2 49.Nc7+ Ke7 50.Nb5 Bf3
51.Nd4 Be4 52.Nb5 Bf3 53.Nc7 Bg2 54.Nd5+ Ke6 55.Nf6 Bf3 56.Ng8 h5 57.Nf6 Bd1
58.Ne8 Bf3 59.Ng7+  1-0

[Event "ch-EGY"]
[Site "Cairo EGY"]
[Date "2009.07.10"]
[Round "3"]
[White "Ezat,M"]
[Black "Sadek,S"]
[Result "1-0"]
[WhiteElo "2459"]
[BlackElo "2384"]

1.c4 c6 2.e4 e5 3.Nc3 Nf6 4.Nf3 Qa5 5.Be2 Bb4 6.O-O O-O 7.Qc2 Re8 8.a3 Bxc3
9.dxc3 d5 10.cxd5 cxd5 11.exd5 e4 12.Nd4 Qxd5 13.Nb5 Qe5 14.Qd1 Nc6 15.Qd6 Bg4
16.Qxe5 Rxe5 17.Bxg4 Nxg4 18.Nd6 Rd8 19.Rd1 g5 20.h3 Nxf2 21.Kxf2 Re6 22.Bxg5 Rdxd6
23.Bf4 Rxd1 24.Rxd1 Re7 25.Rd5 f6 26.Ke3 Kf7 27.g4 Kg6 28.b4 a6 29.a4 Kf7
30.Rd6 Na7 31.Rd4 Nc8 32.Bb8 Nb6 33.b5 axb5 34.axb5 Nd7 35.Bc7 Ne5 36.Bd6 Re6
37.Bxe5 Rxe5 38.c4 h5 39.Rd5 Re8 40.Rxh5 Rc8 41.c5 Re8 42.Rh7+ Kg6 43.Rxb7 f5
44.gxf5+ Kxf5 45.c6 Rh8 46.c7 Rxh3+  1-0

[Event "ch-SUI"]
[Site "Graechen SUI"]
[Date "2009.07.10"]
[Round "2"]
[White "Paladini,JM"]
[Black "Zimmermann,Pe"]
[Result "0-1"]
[WhiteElo "2110"]
[BlackElo "2280"]

1.c4 c6 2.Nf3 Nf6 3.Nc3 d5 4.e3 Bf5 5.d4 e6 6.Qb3 Qc7 7.Be2 Nbd7 8.O-O Be7
9.h3 h6 10.Bd2 O-O 11.Rfc1 Rac8 12.cxd5 exd5 13.a4 Rfe8 14.a5 Qb8 15.Na4 Ne4
16.Bb4 Bd8 17.Nc5 Ndxc5 18.dxc5 Bf6 19.Bf1 Re7 20.Nd4 Bg6 21.Be1 Rce8 22.Ra4 a6
23.Qd1 Qa7 24.Ra2 Re5 25.Nf3 R5e7 26.Nd4 Qb8 27.Ra3 Qc7 28.Rb3 Be5 29.Nf3 Bf6
30.Nh2 Rd7 31.Nf3 Be7 32.Bb4 f5 33.Nd4 Bh4 34.Be1 Rf7 35.Be2 Qe7 36.g3 Bf6
37.Bb4 Ng5 38.Kh2 Qd7 39.h4 Ne4 40.Kg2 Be5 41.Bf3 Rff8 42.Ne2 Bf7 43.Nd4 g6
44.Rd3 Qc7 45.Be1 Re7 46.h5 Qd7 47.hxg6 Bxg6 48.Bh5 Qe8 49.Bxg6 Qxg6 50.b4 Nf6
51.Nf3 Ng4 52.Bc3 Bc7 53.Qb3 Nxe3+ 54.Kg1 Qg4 55.Ne1 Bxg3 56.Rd4 Bf4+  0-1

[Event "Lake Sevan GM"]
[Site "Martuni ARM"]
[Date "2009.07.10"]
[Round "1"]
[White "Grigoryan,Av"]
[Black "Ter Sahakyan,S"]
[Result "1/2-1/2"]
[WhiteElo "2504"]
[BlackElo "2480"]

1.c4 c6 2.Nc3 d5 3.d4 e6 4.e4 dxe4 5.Nxe4 Bb4+ 6.Bd2 Qxd4 7.Bxb4 Qxe4+ 8.Be2 Na6
9.Bd6 Qxg2 10.Qd2 Nf6 11.Bf3 Qg6 12.Ne2 e5 13.O-O-O Bg4 14.Bxg4 Nxg4 15.f3 Nf2
16.Bxe5 Nxd1 17.Rxd1 Nc5 18.Nf4 Qh6 19.b4 Ne6 20.Qd7+ Kf8 21.Bb8 Rxb8 22.Qd6+ Ke8
23.Qd7+ Kf8 24.Qd6+  1/2-1/2

[Event "FSGM July"]
[Site "Budapest HUN"]
[Date "2009.07.11"]
[Round "8"]
[White "Shen Siyuan"]
[Black "Rombaldoni,D"]
[Result "1/2-1/2"]
[WhiteElo "2321"]
[BlackElo "2465"]

1.c4 c6 2.Nf3 d5 3.b3 Bg4 4.e3 Nd7 5.Bb2 Ngf6 6.d4 e6 7.Be2 Bd6 8.Nbd2 Qc7
9.Qc2 O-O 10.h3 Bh5 11.Bd3 Bg6 12.Bxg6 hxg6 13.O-O Rfe8 14.e4 dxe4 15.Nxe4 Nxe4
16.Qxe4 Rad8 17.Rad1 Qa5 18.Qc2 Qf5 19.Qc3 Nf6 20.Rfe1 c5 21.Qd3 cxd4 22.Qxf5 gxf5
23.Bxd4 Ne4 24.Re3 Rd7 25.Red3 Red8 26.Be5 f6 27.Bxd6 Rxd6 28.Rxd6 Rxd6 29.Rxd6 Nxd6
30.Nd2 Kf7 31.Kf1 e5 32.Nb1 Ne4 33.f3 Nd6 34.Nc3 f4 35.Kf2 f5 36.Nd5 g5 37.g3 fxg3+
38.Kxg3 Kg6 39.Nc3 Ne8 40.h4 gxh4+  1/2-1/2

[Event "ch-BEL Expert"]
[Site "Namur BEL"]
[Date "2009.07.12"]
[Round "9"]
[White "Alienkin,A"]
[Black "Van der Stricht,G"]
[Result "1/2-1/2"]
[WhiteElo "2402"]
[BlackElo "2390"]

1.c4 c6 2.e4 d5 3.exd5 cxd5 4.d4 Nf6 5.Nc3 e6 6.Nf3 Bb4 7.Bd3 dxc4 8.Bxc4 O-O
9.O-O b6 10.Ne5 Bb7 11.Bg5 Nc6 12.Qb3 Bxc3 13.Nxc6 Bxc6 14.bxc3 Bb7  1/2-1/2

[Event "Richard Riordan GM Rapid"]
[Site "Natanya ISR"]
[Date "2009.07.12"]
[Round "3"]
[White "Roiz,M"]
[Black "Rodshtein,M"]
[Result "1/2-1/2"]
[WhiteElo "2658"]
[BlackElo "2623"]

1.c4 c6 2.Nf3 d5 3.e3 Nf6 4.d4 Bf5 5.Nc3 e6 6.Nh4 Bg6 7.Bd2 Nbd7 8.Nxg6 hxg6
9.Rc1 Be7 10.Qb3 Rb8 11.Qc2 O-O 12.Be2 dxc4 13.Bxc4 Rc8 14.O-O c5 15.dxc5 Rxc5
16.Be2 Qb8 17.Qb1 Rfc8 18.Rfd1 Ne5 19.Ne4 Rxc1 20.Nxf6+ Bxf6 21.Rxc1 Rxc1+
22.Qxc1 Qd8 23.Qc2 b6 24.h3 Qd5 25.b3 Qd6 26.Bb5 g5 27.Be2 g6 28.b4 Kg7 29.a3 Qd5
30.a4 Qd6 31.Be1 Nc6 32.Qe4 Ne7 33.Qc4 Nc6 34.Qe4  1/2-1/2

[Event "61st ch-MNE"]
[Site "Cetinje MNE"]
[Date "2009.07.13"]
[Round "4"]
[White "Pajkovic,V"]
[Black "Kalezic,B"]
[Result "1/2-1/2"]
[WhiteElo "2428"]
[BlackElo "2445"]

1.c4 c6 2.d4 d5 3.cxd5 cxd5 4.Bf4 Nc6 5.e3 Nf6 6.Nc3 a6 7.Bd3 g6 8.Nf3 Bg7
9.h3 O-O 10.O-O Bf5 11.Bxf5 gxf5 12.Ne5 Rc8 13.Rc1 e6 14.Qb3 Nxe5 15.Bxe5 b5
16.a4  1/2-1/2

[Event "KUTXA"]
[Site "Donostia ESP"]
[Date "2009.07.13"]
[Round "6"]
[White "Bauer,Ch"]
[Black "Van Wely,L"]
[Result "1/2-1/2"]
[WhiteElo "2602"]
[BlackElo "2655"]

1.c4 c6 2.Nf3 d5 3.e3 Nf6 4.Nc3 a6 5.Qc2 g6 6.b3 Bg7 7.Bb2 O-O 8.Be2 Bg4
9.O-O Re8 10.d4 Nbd7 11.Rfd1 Rc8 12.Rac1 b5 13.Ne5 Bxe2 14.Qxe2 e6 15.Nd3 Qe7
16.Nb1 Red8 17.Ba3 Qe8 18.Bb4 Ra8 19.cxb5 cxb5 20.Ba5 Rdc8 21.Nc3 Nb8 22.Bb4 Nc6
23.Bc5 Qd7 24.a4 Na5 25.axb5 axb5 26.Ne5 Qb7 27.Bb4 Nxb3 28.Rb1 Na5 29.Nxb5 Nc4
30.Bd6 Ne4 31.f3 Qxb5 32.fxe4 Qa4 33.Nxc4 dxc4 34.Rdc1 Bf8 35.Be5 Bg7 36.Bd6 Bf8
37.Be5 Bg7 38.Bd6 Bf8 39.Be5  1/2-1/2

[Event "12th Open"]
[Site "Malaga ESP"]
[Date "2009.07.14"]
[Round "5"]
[White "Rivas Pastor,M"]
[Black "Karim,I"]
[Result "1/2-1/2"]
[WhiteElo "2525"]
[BlackElo "2407"]

1.c4 c6 2.Nf3 d5 3.b3 Nf6 4.Bb2 e6 5.g3 Nbd7 6.Bg2 Bd6 7.O-O e5 8.cxd5 cxd5
9.Qc1 a6 10.Ba3 Nb6 11.d4 e4 12.Ne5 Be6 13.Bxd6 Qxd6 14.f4 exf3 15.exf3 Rc8
16.Qa3 Qxa3 17.Nxa3 Nfd7 18.Rac1 Ke7 19.Kf2 Rxc1 20.Rxc1 Rc8 21.Re1 f6 22.Nd3 Kd6
23.Bf1 Na8 24.Ke3 Bf7 25.Kd2 Re8 26.Rc1 Nb8 27.Nc2 Nc6 28.Ndb4 Ne7 29.a4 Nc7
30.Nd3 Be6 31.Nc5 Bc8 32.a5 Nc6 33.b4 Nd8 34.Bd3 Bd7 35.h4 g6 36.h5 Bb5 37.hxg6 Bxd3
38.Kxd3 hxg6 39.Rh1 Re7 40.Rh6 Rg7 41.Ne3 Nf7 42.Rh1 Nd8 43.Ng4 Ke7 44.Rh8 Nc6
45.Rc8 Nb5 46.Nxa6 Kd7 47.Rxc6 Kxc6 48.Nc5 Rh7 49.Ne6 Rh3 50.Nxf6 Rxg3 51.Ke3 Kd6
52.Nc5 Kc6 53.Ng4 Nd6 54.Kf2 Rh3 55.Ne5+ Kb5 56.Nxg6 Kxb4 57.Nf4 Rh8 58.a6 bxa6
59.Nxa6+ Kc4 60.Nc7 Kxd4 61.Ncxd5 Nf5 62.Nf6 Rh2+ 63.Kg1 Ra2 64.Ng2 Kd3 65.Nd5 Ra5
66.Ndf4+ Kd4 67.Ne2+ Ke5 68.Ngf4 Ra3 69.Kf2 Nh4 70.Kg3 Nxf3 71.Kg4 Nd2 72.Ng6+ Kf6
73.Ngf4 Ne4 74.Nh5+ Ke5 75.Nef4 Ra8 76.Ng6+ Kd4 77.Nhf4 Ra1 78.Ne6+ Ke3 79.Ngf4 Rg1+
80.Kf5 Rf1 81.Ke5 Nc3 82.Nd5+ Nxd5 83.Kxd5 Rf5+ 84.Kd6 Ke4 85.Nc5+ Kd4 86.Ne6+ Kc4
87.Nc7 Rc5 88.Kd7 Rh5 89.Kd6 Rh6+ 90.Ne6 Rxe6+  1/2-1/2

[Event "12th Open"]
[Site "Malaga ESP"]
[Date "2009.07.15"]
[Round "6"]
[White "Dappiano,A"]
[Black "Corrales Ibanez,P"]
[Result "1-0"]
[WhiteElo "1927"]
[BlackElo "2010"]

1.c4 c6 2.Nf3 d5 3.cxd5 cxd5 4.d4 Nc6 5.Nc3 Nf6 6.Bf4 Nh5 7.Bg3 Nxg3 8.hxg3 g6
9.Qb3 e6 10.e3 a6 11.Bd3 b5 12.Rc1 Bd7 13.O-O Bg7 14.Qd1 O-O 15.Bb1 Qb6 16.Ne2 Rac8
17.Nf4 Na5 18.Qe2 Rc6 19.Rxc6 Qxc6 20.Nd3 Rc8 21.Nfe5 Qd6 22.Nxd7 Qxd7 23.Nc5 Qa7
24.Qg4 Rxc5 25.dxc5 Bxb2 26.Qb4 Nc4 27.c6 Ba3 28.Qc3 Qc5 29.c7 Bb2 30.Qb3 Qxc7
31.Bd3 Qe5 32.Rb1 Bc3 33.Rc1 Ba5 34.a4 Qb2 35.Qxb2 Nxb2 36.axb5 Nxd3 37.bxa6 Bb6
38.Rc6 Ba7 39.Rc7 Bb6 40.a7 Bxa7 41.Rxa7 Kg7 42.g4 Ne5 43.g5 Nc4 44.Re7 Nd6
45.f3 h6 46.gxh6+ Kxh6 47.Rd7 Nf5 48.Rxf7 Nxe3 49.Re7  1-0

[Event "ch-SUI"]
[Site "Graechen SUI"]
[Date "2009.07.16"]
[Round "8"]
[White "Williams,Si1"]
[Black "Domont,A"]
[Result "1-0"]
[WhiteElo "2527"]
[BlackElo "2345"]

1.c4 c6 2.d4 d5 3.Nc3 e6 4.e4 dxe4 5.Nxe4 Bb4+ 6.Bd2 Qxd4 7.Bxb4 Qxe4+ 8.Be2 Na6
9.Ba5 b6 10.Qd6 f6 11.f3 Qf5 12.Qxc6+ Kf7 13.Bc3 Rb8 14.g4 Qc5 15.Qxc5 Nxc5
16.Nh3 h5 17.g5 e5 18.Nf2 Ne7 19.O-O-O Be6 20.b3 Ng6 21.Nd3 Rbd8 22.gxf6 Nxd3+
23.Bxd3 Nf4 24.fxg7 Nxd3+ 25.Rxd3 Kxg7 26.Re3 Rh6 27.Rxe5 Kf7 28.Rf1 h4 29.f4 Bh3
30.Rf2 Rg8 31.Rg5 Rhg6 32.Kd2 Rd8+ 33.Kc2 Rxg5 34.fxg5+ Kg6 35.Bf6 Re8 36.Kd3 Re1
37.Kd4 Rd1+ 38.Ke5 a5 39.Rf4  1-0

[Event "Corporation Centre Cup"]
[Site "Izhevsk RUS"]
[Date "2009.07.16"]
[Round "2"]
[White "Ivanov,NikolayA"]
[Black "Gazizov,I"]
[Result "1/2-1/2"]
[WhiteElo "1971"]
[BlackElo "2190"]

1.c4 c6 2.Nf3 d5 3.cxd5 cxd5 4.d4 Nf6 5.Nc3 Nc6 6.Bf4 e6 7.e3 Be7 8.Bd3 O-O
9.O-O Nh5 10.Bg3 f5 11.Rc1 Bd7 12.Be5 Nf6 13.Bf4 Rc8 14.Ne5 Nxe5 15.Bxe5 Qb6
16.Qb3 Qxb3 17.axb3 a6 18.Rc2 Rc6 19.Rfc1 Rfc8 20.Na4 Rxc2 21.Rxc2 Rxc2 22.Bxc2 Bc6
23.Bd3 Nd7 24.Bc7 Bb4 25.Nc3 Kf7 26.Kf1 g5 27.h3 h5 28.Ke2 Be7 29.g3 Nf6
30.f3 b5 31.Kf2 Ne8 32.Be5 Nd6 33.Ne2 Ke8 34.Nc1 Nf7 35.Bg7 Nd6 36.Be2 Nb7
37.Nd3 Na5 38.Bd1 b4 39.Be2 Kf7 40.Be5 Bb5 41.Bc7 Nc6 42.Ne5+ Nxe5 43.Bxe5  1/2-1/2

[Event "12th Open"]
[Site "Malaga ESP"]
[Date "2009.07.16"]
[Round "7"]
[White "Cuenca Jimenez,F"]
[Black "Cruz Ravina,F"]
[Result "1/2-1/2"]
[WhiteElo "2174"]
[BlackElo "2345"]

1.c4 c6 2.Nf3 Nf6 3.g3 g6 4.b3 Bg7 5.Bb2 O-O 6.Bg2 d5 7.O-O Bg4 8.d4 Bxf3
9.Bxf3 Re8 10.Nd2 Nbd7 11.e4 dxe4 12.Nxe4 Nxe4 13.Bxe4 Nc5 14.Bg2 Ne6 15.d5 Bxb2
16.Rb1 cxd5 17.cxd5 Nc7 18.Rxb2 Qd6 19.Rd2 Red8 20.Qe2  1/2-1/2

[Event "1st Artemis Cup"]
[Site "Leros GRE"]
[Date "2009.07.17"]
[Round "7"]
[White "Shneider,Alek"]
[Black "De Jong,JW"]
[Result "1/2-1/2"]
[WhiteElo "2539"]
[BlackElo "2464"]

1.c4 c6 2.d4 d5 3.Nf3 Nf6 4.Nc3 dxc4 5.a4 Bf5 6.Ne5 Nbd7 7.Nxc4 Qc7 8.g3 e5
9.dxe5 Nxe5 10.Bf4 Nfd7 11.Bg2 g5 12.Ne3 gxf4 13.Nxf5 O-O-O 14.Qc2 Nc5 15.O-O fxg3
16.hxg3 a5 17.Rad1 h5 18.Rxd8+  1/2-1/2

[Event "Corporation Centre Cup"]
[Site "Izhevsk RUS"]
[Date "2009.07.18"]
[Round "4"]
[White "Malgina,T"]
[Black "Gazizov,I"]
[Result "1/2-1/2"]
[WhiteElo "2351"]
[BlackElo "2190"]

1.c4 c6 2.e4 d5 3.exd5 cxd5 4.cxd5 Nf6 5.Nc3 Nxd5 6.Bc4 e6 7.Nf3 Nc6 8.O-O Be7
9.d4 O-O 10.Re1 Bf6 11.Ne4 Nce7 12.Nxf6+ Nxf6 13.Bg5 b6 14.Ne5 Bb7 15.Qd3 Nfd5
16.Qh3 Qd6 17.Bd3 g6 18.Ng4 f5 19.Ne5 Nc6 20.Qh6 Nxe5 21.Rxe5 Nb4 22.Bc4 Bd5
23.Bxd5 Nxd5 24.Rae1 Rae8 25.a3 Rf7  1/2-1/2

[Event "12th Open"]
[Site "Malaga ESP"]
[Date "2009.07.18"]
[Round "9"]
[White "Jimenez Ruiz,J"]
[Black "Guadamuro Torrente,A"]
[Result "1/2-1/2"]
[WhiteElo "1985"]
[BlackElo "2136"]

1.c4 c6 2.g3 d5 3.Bg2 Nf6 4.Nf3 a6 5.O-O e6 6.Qc2 Be7 7.b3 O-O 8.Bb2 h6 9.Nc3 Nbd7
10.d3 b5 11.e4 dxc4 12.bxc4 Bb7 13.e5 Nh7 14.Ne4 c5 15.Nfd2 Qc7 16.f4 f5
17.exf6 Nhxf6 18.Rae1 Rae8 19.Nf3 Nxe4 20.dxe4 Nb6 21.Ne5 Bf6 22.Rd1 Rd8
23.cxb5 axb5 24.Qb3 Nc4 25.Bc3 Bxe5 26.Bxe5 Nxe5 27.fxe5 Qxe5 28.Qxb5 Rxf1+
29.Rxf1 Qd4+ 30.Kh1 Bxe4 31.Bxe4 Qxe4+ 32.Kg1 Rd2 33.Rf2 Rd1+ 34.Rf1 Qe3+
35.Kg2 Rd2+ 36.Kh3 Rd8 37.a4 Qe5 38.a5 Qh5+ 39.Kg2 Rd2+ 40.Rf2 Qd5+ 41.Kg1 Qd4
42.Qb8+ Kh7 43.Qb1+ Rd3 44.a6 c4 45.Qa2 Rd1+ 46.Kg2 Qe4+ 47.Kh3 Rd5 48.Qe2 Qxe2
49.Rxe2 Rd6 50.Ra2 Rd8 51.Re2 Re8 52.a7 Ra8 53.Rxe6 Rxa7 54.Rc6 Ra4 55.Kg4 c3+
56.Kf5 Ra2 57.Rxc3 Rxh2 58.Rc7 Rg2 59.Kf4 Rf2+ 60.Kg4 Rf6 61.Kh5 Rf5+ 62.Kg4 Rg5+
63.Kf4 Kg6 64.g4 Kf6 65.Rc6+ Ke7 66.Ra6 Rb5 67.Ra7+ Kf6 68.Ra6+ Kf7 69.Ra7+ Kg6
70.Ra6+ Kh7 71.Ra7 h5 72.gxh5 Rxh5 73.Kg4 Rb5 74.Rc7 Kh6 75.Rc4 g6 76.Ra4 Rg5+
77.Kh4  1/2-1/2

[Event "TCh Eur-Youth U18"]
[Site "Pardubice CZE"]
[Date "2009.07.18"]
[Round "3"]
[White "Druska,J"]
[Black "Firat,B"]
[Result "0-1"]
[WhiteElo "2122"]
[BlackElo "2310"]

1.c4 c6 2.e4 d5 3.exd5 cxd5 4.d4 Nf6 5.Nc3 Nc6 6.Bg5 dxc4 7.d5 Ne5 8.Qd4 Nfd7
9.Bf4 Ng6 10.Bg3 Nb6 11.Nb5 e5 12.Bxe5 Bb4+ 13.Kd1 O-O 14.Bxg7 Re8 15.Nf3 Bf5
16.a3 Re4 17.axb4 Rxd4+ 18.Bxd4 a6 19.Nc3 Nxd5 20.Bxc4 Nxb4 21.Ke2 b5 22.Bb3 Nf4+
23.Kf1 Nc6 24.Be3 Qd3+ 25.Kg1 Ne2+ 26.Nxe2 Qxb3 27.Ng3 Bc2 28.h4 Qxb2 29.Re1 b4
30.h5 Re8 31.Rh4 f6 32.Kh2 Kf7 33.Rc4 Ne5 34.Nxe5+ fxe5 35.Bg5 b3 36.Rc7+ Ke6
37.f4 Kd6 38.Ra7 Qc3 39.fxe5+ Rxe5 40.Rxa6+ Kc7 41.Rxe5 Qxe5 42.Bf6 Qb5 43.Ra7+ Kb8
44.Re7 b2 45.Bxb2 Qxb2 46.Kh3 Qf6 47.Re3 Ba4 48.Ne4 Bd7+ 49.g4 Qf4  0-1

[Event "17th Open"]
[Site "Saint Affrique FRA"]
[Date "2009.07.20"]
[Round "4"]
[White "Manouck,T"]
[Black "Buscara,S"]
[Result "1/2-1/2"]
[WhiteElo "2337"]
[BlackElo "2225"]

1.c4 c6 2.Nf3 d5 3.Na3 Nf6 4.g3 Bf5 5.Bg2 e6 6.b3 h6 7.O-O Nbd7 8.Bb2 Be7
9.d3 O-O 10.Qd2 Bh7 11.Rfc1 Qb6 12.Nc2 a5 13.Rab1 Bc5 14.e3 Bd6 15.a3 Qa6
16.Bf1 Qa7 17.cxd5 exd5 18.b4 axb4 19.axb4 Qb8 20.Ra1 Rxa1 21.Rxa1 Ne5 22.Nxe5 Bxe5
23.Bxe5 Qxe5 24.Nd4 h5 25.h3 Ne8 26.Ra8 Qd6 27.Be2 Bg6 28.Qc3 Nc7 29.Ra7 Rb8
30.h4 Ne6 31.Nxe6 Qxe6 32.Qd4 b6 33.Qf4 Re8 34.Ra6 b5 35.Kg2 Qc8 36.Rb6 Qd7
37.Qd4 Rc8 38.Ra6 Qd6 39.Qc3 Qe6 40.Bf3 Qd6 41.Qd4 Qe6 42.Rb6 Kh8 43.e4 dxe4
44.dxe4 Re8 45.e5 Qxe5 46.Qxe5 Rxe5 47.Bxc6 Bd3 48.f4 Re2+ 49.Kf3 Rb2 50.Bxb5 Bxb5
51.Rxb5 g6 52.Rb8+ Kh7 53.b5 Rb3+ 54.Ke4 Rxg3 55.Re8 Rb3 56.Rb8 Rb4+ 57.Kf3 Rb3+
58.Ke4 Rb4+  1/2-1/2

[Event "17th Open"]
[Site "Saint Affrique FRA"]
[Date "2009.07.20"]
[Round "4"]
[White "David,Vi"]
[Black "Saada,J"]
[Result "0-1"]
[WhiteElo "2399"]
[BlackElo "2289"]

1.c4 c6 2.Nc3 d5 3.d4 Nf6 4.Nf3 a6 5.e3 b5 6.b3 Bg4 7.h3 Bh5 8.g4 Bg6 9.Ne5 b4
10.Na4 Nfd7 11.Nxg6 hxg6 12.Bb2 e6 13.Rc1 Bd6 14.Bg2 Ra7 15.Nc5 a5 16.O-O Nf6
17.Qe2 Nbd7 18.Rc2 Bb8 19.Rfc1 Nxc5 20.cxd5 Nce4 21.Rxc6 O-O 22.dxe6 fxe6
23.Qc2 Nxf2 24.Qxf2 Nh7 25.Qc2 Qh4 26.Rc8 Qg3 27.Rxb8 Qxb8 28.Qxg6 Raf7 29.d5 Qg3
30.Kh1 exd5 31.Bd4 Kh8 32.Qe6 Nf6 33.Rf1 Nxg4 34.Bxg7+ Kh7  0-1

[Event "MTO"]
[Site "Biel SUI"]
[Date "2009.07.21"]
[Round "2"]
[White "Bauer,Ch"]
[Black "Domont,A"]
[Result "1-0"]
[WhiteElo "2602"]
[BlackElo "2345"]

1.c4 c6 2.e4 d5 3.exd5 cxd5 4.cxd5 Nf6 5.Qa4+ Nbd7 6.Nc3 a6 7.Nf3 g6 8.Bc4 Bg7
9.d3 O-O 10.Qa3 Nb6 11.Qb3 Bf5 12.Be3 Nfd7 13.O-O Qc7 14.Rfe1 Nc5 15.Qb4 Nxc4
16.Bxc5 Nxb2 17.Rxe7 Qc8 18.d4 Nd3 19.Qa3 Re8 20.Rxe8+ Qxe8 21.Rd1 Bf6 22.Bd6 Rd8
23.Bc7 Rd7 24.d6 Qe6 25.Na4 Nf4 26.Nc5 Nh3+ 27.gxh3  1-0

[Event "17th Open"]
[Site "Saint Affrique FRA"]
[Date "2009.07.22"]
[Round "6"]
[White "David,Vi"]
[Black "Buscara,S"]
[Result "1/2-1/2"]
[WhiteElo "2399"]
[BlackElo "2225"]

1.c4 c6 2.Nf3 Nf6 3.g3 d5 4.Bg2 Bf5 5.O-O e6 6.b3 h6 7.Bb2 Nbd7 8.d3 Be7
9.Nbd2 O-O 10.Qc2 Bh7 11.Bc3 Qb8 12.e4 Rd8 13.Rfe1 Nc5 14.Bd4 Nxd3 15.Qxd3 dxe4
16.Qc3 exf3 17.Nxf3 Ne8 18.Qb2 Bf6 19.Rad1 Bxd4 20.Nxd4 Nf6 21.b4 Qc7 22.Qc3 Rd7
23.Nb3 Rad8 24.Rxd7 Rxd7  1/2-1/2

[Event "13th Battle of Senta Open A"]
[Site "Senta SRB"]
[Date "2009.07.22"]
[Round "6"]
[White "Farkas,Ti"]
[Black "Tancik,K"]
[Result "1/2-1/2"]
[WhiteElo "2303"]
[BlackElo "2255"]

1.c4 c6 2.e4 d5 3.exd5 cxd5 4.d4 Nf6 5.Nc3 e6 6.Nf3 Be7 7.c5 b6 8.b4 bxc5
9.bxc5 O-O 10.Qc2 Nc6 11.Bb5 Bd7 12.Bxc6 Bxc6 13.Ne5 Qc8 14.Bg5 Re8 15.O-O Ne4
16.Bxe7 Rxe7 17.Rab1 Nxc3 18.Qxc3 f6 19.Nxc6 Qxc6 20.Rfe1 Rae8 21.f4 Qc7
22.Qf3 Qc6  1/2-1/2

[Event "zt 3.3"]
[Site "Ho Chi Minh City VIE"]
[Date "2009.07.23"]
[Round "2"]
[White "Paragua,M"]
[Black "Kojima,S"]
[Result "1-0"]
[WhiteElo "2487"]
[BlackElo "2323"]

1.c4 c6 2.e4 d5 3.exd5 cxd5 4.cxd5 Nf6 5.Nc3 Nxd5 6.Nf3 Nc6 7.d4 Bg4 8.Qb3 Bxf3
9.gxf3 e6 10.Qxb7 Nxd4 11.Bb5+ Nxb5 12.Qxb5+ Qd7 13.Qxd7+ Kxd7 14.Nxd5 exd5
15.Be3 Bb4+ 16.Ke2 Rhc8 17.Rac1 a6 18.Kd3 Bd6 19.f4 Ke6 20.Rce1 g6 21.Rhg1 h6
22.Bc5+ Kd7 23.Bxd6 Kxd6 24.f5 g5 25.Rg4 Rc4 26.Rxc4 dxc4+ 27.Kc3 Rc8 28.f6 Rc5
29.Re7 Rf5 30.Rxf7 Rxf2 31.Ra7 h5 32.Rxa6+ Ke5 33.a4 h4 34.a5 g4 35.Ra8 Rxf6
36.Rg8 Kf4 37.Kxc4 Rc6+ 38.Kd5 Rc2 39.a6 Rxb2 40.a7 Rd2+ 41.Ke6 Ra2 42.a8=Q Rxa8
43.Rxa8 g3 44.Ra4+  1-0

[Event "Czech Open A"]
[Site "Pardubice CZE"]
[Date "2009.07.24"]
[Round "1"]
[White "Gorbatov,A"]
[Black "Wiebe,P"]
[Result "1/2-1/2"]
[WhiteElo "2404"]
[BlackElo "2230"]

1.c4 c6 2.Qa4 Nf6 3.Nf3 e6 4.g3 d5 5.Bg2 Nbd7 6.d3 a6 7.O-O Be7 8.cxd5 exd5
9.Nc3 O-O 10.Be3 Re8 11.Rac1 c5 12.d4 b5 13.Qc2 c4 14.Ne5 Bb7 15.Bg5 h6 16.Bxf6 Nxf6
17.Rcd1 Bd6 18.f4 b4 19.Na4 Rc8 20.g4 Rc7 21.e3 Bxe5 22.fxe5 Nxg4 23.Qe2 Qg5
24.Rf4 h5 25.Rdf1 g6 26.h3 Nh6 27.Qf2 Nf5 28.h4 Qh6 29.Nc5 Rxc5 30.dxc5 Rxe5
31.Re1 Qf8 32.b3 Qxc5 33.bxc4 Nd6 34.cxd5 Bxd5 35.Bxd5 Rxd5 36.e4 Qxf2+ 37.Kxf2 Re5
38.Ke3 f5 39.Kd4 Rxe4+ 40.Rfxe4 Nxe4 41.Kc4 a5 42.Kb5 Nc3+ 43.Kxa5 Nxa2 44.Ka4 Kf7
45.Kb3 Nc3 46.Kxb4 Ne4  1/2-1/2

[Event "17th Open"]
[Site "Saint Affrique FRA"]
[Date "2009.07.24"]
[Round "8"]
[White "Manouck,T"]
[Black "Julian,S"]
[Result "1-0"]
[WhiteElo "2337"]
[BlackElo "2133"]

1.c4 c6 2.Nf3 d5 3.Na3 g6 4.g3 Bg7 5.d4 Nf6 6.Bg2 O-O 7.O-O Bg4 8.Qb3 b6
9.Rd1 e6 10.Bf4 Ne4 11.Qe3 Bxf3 12.Bxf3 f5 13.Bxe4 fxe4 14.f3 c5 15.dxc5 bxc5
16.Qxc5 Nd7 17.Qd6 exf3 18.exf3 d4 19.Qxe6+ Kh8 20.Nb5  1-0

[Event "Dutch Open"]
[Site "Dieren NED"]
[Date "2009.07.25"]
[Round "5"]
[White "Den Heeten,D"]
[Black "Blees,E"]
[Result "0-1"]
[WhiteElo "2321"]
[BlackElo "2130"]

1.c4 c6 2.Nf3 d5 3.e3 Nf6 4.b3 g6 5.Bb2 Bg7 6.Be2 O-O 7.Qc2 Bf5 8.d3 Na6
9.a3 dxc4 10.Qxc4 Qb6 11.Nbd2 Rad8 12.Rc1 Nc7 13.Ne5 Nb5 14.g4 Be6 15.Qc2 Qa5
16.b4 Qc7 17.h4 Nxa3 18.Bxa3 Qxe5 19.Bb2 Qd6 20.h5 Nxg4 21.Bxg7 Kxg7 22.Ne4 Qxb4+
23.Kf1 Qa5 24.Nc5 Bc8 25.Bxg4 Bxg4 26.Qb2+ f6 27.Qxb7 Rfe8 28.h6+ Kh8 29.Qxc6 Qa2
30.Rh4 Rc8 31.Qe4 Bf5 32.Qd4 Qd2 33.Ra1 Red8 34.Qf4 Rxc5 35.Rxa7 Qxd3+ 36.Kg2 g5
37.Qg3 Rc1 38.Rxe7 Qf1+ 39.Kf3 Qd1+ 40.Kg2 Qg1+  0-1

[Event "Dutch Open"]
[Site "Dieren NED"]
[Date "2009.07.25"]
[Round "5"]
[White "Kabanof,N"]
[Black "Van Delft,M"]
[Result "0-1"]
[WhiteElo "2137"]
[BlackElo "2360"]

1.c4 c6 2.Nf3 d5 3.b3 Bf5 4.Bb2 e6 5.e3 h6 6.Be2 Nf6 7.O-O Nbd7 8.d3 Be7
9.Nbd2 O-O 10.Qc2 Bh7 11.Rfd1 Qb8 12.Nf1 Rc8 13.Ng3 b5 14.Rab1 a5 15.Ba1 Bd6
16.Qb2 a4 17.cxd5 cxd5 18.bxa4 bxa4 19.Qd2 Qa7 20.Nd4 Bf8 21.Rdc1 Qa6 22.Nf3 Qd6
23.Ne1 Bg6 24.Rxc8 Rxc8 25.Rc1 Rb8 26.Bd1 Qa6 27.Qc2 a3 28.Ne2 e5 29.Qa4 Bxd3
30.Nxd3 Qxd3 31.Nc3 Qd2  0-1

[Event "Quebec Open"]
[Site "Montreal CAN"]
[Date "2009.07.25"]
[Round "9"]
[White "Malakhatko,V"]
[Black "Gagunashvili,M"]
[Result "1/2-1/2"]
[WhiteElo "2570"]
[BlackElo "2574"]

1.c4 c6 2.d4 d5 3.Nc3 Nf6 4.e3 g6 5.Nf3 Bg7 6.Be2 O-O 7.O-O dxc4 8.Bxc4 Bg4
9.Be2 Nbd7 10.h3 Bxf3 11.Bxf3 e5 12.d5 cxd5 13.Bxd5 Nxd5 14.Qxd5 b6 15.Rd1 Nc5
16.Qc4 Qc8 17.b4 Ne6 18.Qb3 Rd8 19.Bb2 Qb7 20.a3 Rxd1+ 21.Rxd1 Rd8 22.Rxd8+ Nxd8
23.Nd5 b5 24.e4 Ne6 25.Qc2 f6 26.Bc1 Kf7 27.Be3 Bf8 28.Kf1 a6 29.Qc3 Bd6
30.f3 Nc7 31.Nb6 Ne6 32.Nd5 Nc7 33.Nb6 Ne6 34.Nd5  1/2-1/2

[Event "XXXV d'Esca Open"]
[Site "Sitges ESP"]
[Date "2009.07.25"]
[Round "4"]
[White "Oms Pallisse,J"]
[Black "Cruz,F"]
[Result "1/2-1/2"]
[WhiteElo "2495"]
[BlackElo "2415"]

1.c4 c6 2.e4 e5 3.Nf3 d6 4.h3 Nf6 5.Nc3 Nbd7 6.d4 g6 7.Be2 Bg7 8.Be3 O-O
9.d5 cxd5 10.cxd5 Nc5 11.Nd2 a5 12.O-O Bd7 13.a4 b6 14.Bg5 h6 15.Bh4 g5 16.Bg3 Qe7
17.Re1 Rfc8 18.Ra3 Rab8 19.Bb5 Ne8 20.Bxd7 Qxd7 21.Nb5 Nc7 22.Nxc7 Rxc7 23.Qg4 Qxg4
24.hxg4 b5 25.axb5 Rxb5 26.Nc4 Bf8 27.Nxa5 Rxb2 28.Nc6 Rcb7 29.Kh2 Rc2 30.Ra7 Rbb2
31.Ra3 Rc4 32.Rae3 Ra4 33.Kg1 Rd2 34.Kh2 Rc2  1/2-1/2

[Event "ch-AUT"]
[Site "Jenbach AUT"]
[Date "2009.07.27"]
[Round "3"]
[White "Loidl,F"]
[Black "Heinrich,T AUT"]
[Result "1-0"]
[WhiteElo "2251"]
[BlackElo "2165"]

1.c4 c6 2.Nc3 d5 3.d4 Nf6 4.cxd5 cxd5 5.Bf4 Nc6 6.e3 Bf5 7.Qb3 Na5 8.Qd1 Nc6
9.Qb3 Na5 10.Bb5+ Bd7 11.Qa4 Nc6 12.Qb3 e6 13.Bd3 Na5 14.Qc2 Rc8 15.Nge2 Nc4
16.O-O Bd6 17.b3 Bxf4 18.Nxf4 Nd6 19.Rfc1 Bb5 20.Bxb5+ Nxb5 21.Qd3 Nxc3 22.Rxc3 O-O
23.Rac1 Rxc3 24.Qxc3 Ne4 25.Qc7 Nd6 26.Nd3 f6 27.Nf4 e5 28.Nxd5 exd4 29.Ne7+ Kh8
30.exd4 Nb5 31.Qxb7 Nxd4 32.Qe4 Re8 33.Re1 Rf8 34.Rd1 Qc7 35.Nd5 Qc2 36.Qxd4 Qxa2
37.Qc5 Re8 38.Qb5 Rd8 39.Re1 h6 40.h4 Qd2 41.Re8+ Rxe8 42.Qxe8+ Kh7 43.Ne7 Qc1+
44.Kh2 Qf4+ 45.Kh3  1-0

[Event "ch-Euro Senior"]
[Site "Rogaska Slatina SLO"]
[Date "2009.07.27"]
[Round "6"]
[White "Titz,Hei"]
[Black "Grabow,P"]
[Result "1/2-1/2"]
[WhiteElo "2273"]
[BlackElo "2188"]

1.c4 c6 2.b3 d5 3.Bb2 Nf6 4.Nf3 Bf5 5.g3 e6 6.Bg2 Be7 7.d3 O-O 8.Nh4 Bg6
9.O-O Nbd7 10.Nd2 Ne8 11.Nxg6 hxg6 12.Qc2 Bf6 13.b4 Bxb2 14.Qxb2 Qc7 15.d4 Nd6
16.c5 Nf5 17.Nf3 Rfe8 18.Rfd1 e5 19.dxe5 Nxe5 20.Nxe5 Qxe5 21.Qxe5 Rxe5 22.e3 a6
23.a3 f6 24.h4 Kf7 25.a4 Re7 26.b5 axb5 27.axb5 Rxa1 28.Rxa1 Rd7 29.Ra7 Ke6
30.b6 Ne7 31.g4 g5 32.hxg5 fxg5 33.Bf1 d4 34.exd4 Rxd4 35.Rxb7 Rxg4+ 36.Bg2 Rc4
37.Rc7 Rc2 38.Bh3+ Kf6 39.b7  1/2-1/2